00664nam a2200193 a 4500001001000000003000400010005001700014008004100031040002500072082001300097110004700110245006100157260004500218300002700263590002700290942001400317952012200331999001700453000026004OSt20201021084223.0110225s2008 dr a 000 0 spa d aDO-SdBNPbspacBNPHU axxxbxxx1 aPartido de la Liberación Dominicana928410aPrograma de gobierno 2004-2008 :bresumen de objetivos / aSanto Domingo :bAlfa y Omega,c[2008?]. a98 p. :bil. ;c21 cm. aInventariado, 2020/ YL 2ddccLBS1 00102ddc51718PDaBNPHUbBNPHUcCTd2019-10-24eHugo Albuermel0oxxx xxxp2020-0193r2020-10-21w2020-10-21yLFPD c48933d48933